Proyecciones de la pasión de enseñar

Gorde:
Xehetasun bibliografikoak
Egile nagusia: Covarrubias Z., Alejandro (Egilea)
Formatua: Liburua
Hizkuntza:gaztelania
Argitaratua: Santiago Orbe 1975
Saila:Propulsores de la educación en América Latina
Gaiak:
Etiketak: Etiketa erantsi
Etiketarik gabe, Izan zaitez lehena erregistro honi etiketa jartzen!

MARC

LEADER 00000nam a2200000 a 4500
001 UCL8515
003 CL-VaPUC
008 040625e19750000CL |||||||||||||||||spa|d
082 0 4 |a 370.1  |b COV  |2 21 
100 0 |a Covarrubias Z., Alejandro  |e author  |9 486405 
245 1 0 |a Proyecciones de la pasión de enseñar 
300 |a 119 p 
942 |c BK 
945 |d 20040625 00:00:00  |a cmena 
260 |a Santiago  |b Orbe  |c 1975 
650 0 |a Filosofía de la educación   |9 258384 
650 0 |a Historia de la educación   |9 257642 
650 0 |a Métodos de enseñanza  |9 270413 
583 |a last modification  |c 20040625 00:00:00  |k Rodrigo Vera 
490 0 |a Propulsores de la educación en América Latina 
999 |c 309756  |d 309754 
952 |0 0  |1 0  |4 0  |6 370_100000000000000_COV_1975  |7 0  |8 P  |9 377495  |a BIBEDU  |b BIBEDU  |c BIBEDU_PB  |d 2019-11-21  |i 4032012  |o 370.1 COV 1975  |p 4032012  |r 2024-01-25  |w 2019-11-21  |y BK  |k BME